El que y el para que de la investigacion en la universidad (Registro nro. 299464)

Detalles MARC
001 - NÚMERO DE CONTROL
campo de control 850933
005 - FECHA Y HORA DE LA ÚLTIMA TRANSACCIÓN
campo de control 20240201190827.0
008 - DATOS DE LONGITUD FIJA--INFORMACIÓN GENERAL
campo de control de longitud fija 031029e20030601 spa
035 ## - NÚMERO DE CONTROL DEL SISTEMA
Número de control de sistema 850933
035 ## - NÚMERO DE CONTROL DEL SISTEMA
Número de control de sistema (OCoLC)820081611
040 ## - FUENTE DE LA CATALOGACIÓN
Centro/agencia transcriptor comduadb
041 ## - CÓDIGO DE LENGUA
Código de lengua del texto/banda sonora o título independiente spa
100 10 - ENTRADA PRINCIPAL--NOMBRE DE PERSONA
Nombre de persona Recio Buritica, Alvaro
Código de función aut
Término indicativo de función/relación Autor/a
9 (RLIN) 306190
245 13 - MENCIÓN DE TÍTULO
Título El que y el para que de la investigacion en la universidad
650 ## - PUNTO DE ACCESO ADICIONAL DE MATERIA--TÉRMINO DE MATERIA
Término de materia o nombre geográfico como elemento de entrada Investigación en la universidad
9 (RLIN) 11506
650 #7 - PUNTO DE ACCESO ADICIONAL DE MATERIA--TÉRMINO DE MATERIA
Término de materia o nombre geográfico como elemento de entrada Investigación científica
Fuente del encabezamiento o término lemb
9 (RLIN) 4653
650 ## - PUNTO DE ACCESO ADICIONAL DE MATERIA--TÉRMINO DE MATERIA
Término de materia o nombre geográfico como elemento de entrada Investigación formativa
9 (RLIN) 110368
650 ## - PUNTO DE ACCESO ADICIONAL DE MATERIA--TÉRMINO DE MATERIA
Término de materia o nombre geográfico como elemento de entrada Trabajo intelectual
9 (RLIN) 61969
650 ## - PUNTO DE ACCESO ADICIONAL DE MATERIA--TÉRMINO DE MATERIA
Término de materia o nombre geográfico como elemento de entrada Consejo Nacional de Acreditación
9 (RLIN) 30421
650 ## - PUNTO DE ACCESO ADICIONAL DE MATERIA--TÉRMINO DE MATERIA
Término de materia o nombre geográfico como elemento de entrada Cultura de investigacion
9 (RLIN) 73428
650 ## - PUNTO DE ACCESO ADICIONAL DE MATERIA--TÉRMINO DE MATERIA
Término de materia o nombre geográfico como elemento de entrada Política de investigacion - Colombia
9 (RLIN) 40502
650 ## - PUNTO DE ACCESO ADICIONAL DE MATERIA--TÉRMINO DE MATERIA
Término de materia o nombre geográfico como elemento de entrada Proyectos de investigación
9 (RLIN) 14202
650 ## - PUNTO DE ACCESO ADICIONAL DE MATERIA--TÉRMINO DE MATERIA
Término de materia o nombre geográfico como elemento de entrada Financiación de la investigación
9 (RLIN) 95773
773 0# - ENLACE AL DOCUMENTO FUENTE/ENTRADA DE REGISTRO ANFITRIÓN
Título Investigación y Desarrollo Social (Bogotá)
Parte(s) relacionada(s) Vol. 12, No. 25-26, Jun. 2002-Jun. 2003, p. 80-95
Número de control del registro 175594
Número Internacional Normalizado para Publicaciones Seriadas 0120-9949
Número bibliográfico anfitrión 179461
942 ## - ELEMENTOS DE ENTRADA AGREGADA (KOHA)
Tipo de ítem Koha Artículo de Revista

No hay ítems disponibles.